MESTSKÁ KNIŽNICA GIRALTOVCE  - online katalóg 

Satanáš (Record no. 12320)

000 -NÁVESTIE
fixed length control field 00725nam a2200241 a 4500
008 - ÚDAJE S PEVNOU DĹŽKOU – VŠEOBECNÉ INFORMÁCIE
fixed length control field 951122s1986||||[C 0 slo c
020 ## - MEDZINÁRODNÉ ŠTANDARDNÉ ČÍSLO KNIHY (ISBN)
Údaje o dostupnosti 26 Kčs.
Qualifying information (18500 výtl.)
040 ## - ZDROJ KATALOGIZÁCIE
Pôvodná katalogizujúca agentúra SNK
Jazyk katalogizácie slo
Prepisujúca agentúra SNK
Konvencie popisu AACR2
041 1# - KÓD JAZYKA
Kód jazyka textu/zvukovej stopy alebo samostatných nápisov slo
Kód jazyka originálu a/alebo sprostredkujúcich prekladov textu ita
080 ## - ČÍSLO MEDZINÁRODNÉHO DESATINNÉHO TRIEDENIA (MDT)
Číslo Medzinárodného desatinného triedenia (MDT) 850-3
044 ## - KÓD KRAJINY VYDAVATEĽA/PRODUCENTA
Kód krajiny MARC xo
Kód krajiny ISO SK
100 1# - OSOBNÉ MENÁ – VŠEOBECNÉ INFORMÁCIE
Osobné meno Strati, Saverio
Kód roly aut
245 10 - NÁZOV
Názov Satanáš
Údaj o zodpovednosti atď. Saverio Strati ; Blahoslav Hečko, Blahoslav Hečko, Adela Jakabová
250 ## - ÚDAJ O PORADÍ VYDANIA
Údaj o poradí vydania 1., vyd.
260 ## - VYDAVATEĽSKÉ ÚDAJE, DISTRIBÚCIA ATĎ.
Miesto publikovania, distribúcie atď. Bratislava
Názov vydavateľa, distibútora atď. Pravda
Dátum publikovania, distribúcie atď. 1986
Miesto výroby Bratislava
Výrobca Pravda
300 ## - FYZICKÝ POPIS
Rozsah 209 s., 12,17 AH
Rozmery 20 cm
490 0# - EDÍCIA
Edícia Maják
500 ## - VŠEOBECNÁ POZNÁMKA
Formátovaná poznámka o obsahu Ilustr. na front. a predsádkach.
700 1# - PRIDANÝ VSTUP – OSOBNÉ MENO
Osobné meno Hečko, Blahoslav
Kód roly trl
700 1# - PRIDANÝ VSTUP – OSOBNÉ MENO
Osobné meno Hečko, Blahoslav
Kód roly [ADC]
700 1# - PRIDANÝ VSTUP – OSOBNÉ MENO
Osobné meno Jakabová, Adela
Kód roly bkd
958 ## - Formálny deskriptor
Formálny deskriptor A
Holdings
Stav stiahnutia (Blokovanie) (Withrawn status) Stav straty Stav poškodenia (Damaged status) Nie pre výpožičky (Not for loan) Spôsob nadobudnutia (Collection code) Trvalé umiestnenie Aktuálne umiestnenie Dátum nadobudnutia Náklady, bežná kúpna cena Inventárne číslo (prírastkové číslo) Full call number Dátum posledného výskytu Cena s účinnosťou od Typ jednotky Koha
        Kúpa Mestská knižnica Giraltovce Mestská knižnica Giraltovce 2019-11-29 26.00 11612 B 5738 2019-11-29 2019-11-29 Krásna literatúra pre dospelých

Powered by Koha